Contacted: A Communicative Approach, (Record no. 4953)

MARC details
005 - DATE AND TIME OF LATEST TRANSACTION
control field 20250625083323.0
020 ## - INTERNATIONAL STANDARD BOOK NUMBER
International Standard Book Number 978-0-07-295643-6
082 ## - DEWEY DECIMAL CLASSIFICATION NUMBER
Classification number 435TER
100 ## - MAIN ENTRY--PERSONAL NAME
Author name TARRELL, T. D.
245 ## - TITLE STATEMENT
Title Contacted: A Communicative Approach,
250 ## - EDITION STATEMENT
Edition statement 5th Ed.
260 ## - PUBLICATION, DISTRIBUTION, ETC.
Place of publication, distribution, etc. New York,
Name of publisher, distributor, etc. McGraw- Hill,
Date of publication, distribution, etc. 2004.
300 ## - PHYSICAL DESCRIPTION
Extent xxxii, 437p, ill,: figure, table
Other physical details Index
Dimensions 26cm
700 ## - ADDED ENTRY--PERSONAL NAME
Other authors/Editors TSCHIRNER, E. et al
942 ## - ADDED ENTRY ELEMENTS (KOHA)
Source of classification or shelving scheme Dewey Decimal Classification
Koha item type Books
Holdings
Date last seen Total checkouts Full call number Barcode Price effective from Koha item type Lost status Source of classification or shelving scheme Damaged status Not for loan Withdrawn status Home library Current library Shelving location Date acquired
06/25/2025   435TER DOM0002893 06/25/2025 Books   Dewey Decimal Classification       CBE Dodoma CBE Dodoma General Collection 07/24/2017